000
00317nam a22001337a 4500
999
_c
155335
_d
155335
082
_a
_b
100
_a
Vasant Mali
100
_a
Pramod Patil
245
_a
Samakaleen hindi natak/
_c
by Vasant Mali and Pramod Patil.
260
_a
Kanpur:
_b
Abhay Prakashan,
_c
2015.
300
_a
185p.
650
_a
942
_c
BK